书目信息 |
| 题名: |
现代中文散文十五讲
|
|
| 作者: | 喻大翔 著 | |
| 分册: | ||
| 出版信息: | 上海 同济大学出版社 2008.03 |
|
| 页数: | 401页 | |
| 开本: | 21cm | |
| 丛书名: | 同济·汉语叙事文学丛书 | |
| 单 册: | ||
| 中图分类: | I207.65 | |
| 科图分类: | ||
| 主题词: | 散文--san wen--文学研究--中国--当代 | |
| 电子资源: | ||
| ISBN: | 978-7-5608-3717-8 | |
| 000 | 00907nam 2200253 450 | |
| 001 | 012009955093 | |
| 005 | 20090917164007.39 | |
| 010 | @a978-7-5608-3717-8@dCNY26.00 | |
| 100 | @a20090917d2008 em y0chiy0120 ea | |
| 101 | 0 | @achi |
| 102 | @aCN@b310000 | |
| 105 | @ay z 000cy | |
| 106 | @ar | |
| 200 | 1 | @a现代中文散文十五讲@Axian dai zhong wen san wen shi wu jiang@f喻大翔著@Fyu da xiang zhu |
| 210 | @a上海@c同济大学出版社@d2008.03 | |
| 215 | @a401页@d21cm | |
| 225 | 2 | @a同济·汉语叙事文学丛书@Atong ji·han yu xu shi wen xue cong shu |
| 330 | @a本书主要内容包括:散文评论文化学法论,真:散文哲学层次论,“形散神不散”考析,世界中文散文概观,学者散文世纪概貌等。 | |
| 410 | 0 | @12001 @a同济·汉语叙事文学丛书 |
| 606 | 0 | @a散文@Asan wen@x文学研究@y中国@z当代 |
| 690 | @aI207.65@v4 | |
| 701 | 0 | @a喻大翔@Ayu da xiang@4著 |
| 801 | 0 | @aCN@bQSSK@c20090917 |
| 905 | @b753810-12@dI207.65@eY859@f3 | |
| 现代中文散文十五讲/喻大翔著.-上海:同济大学出版社,2008.03 |
| 401页;21cm.-(同济·汉语叙事文学丛书) |
| ISBN 978-7-5608-3717-8:CNY26.00 |
| 本书主要内容包括:散文评论文化学法论,真:散文哲学层次论,“形散神不散”考析,世界中文散文概观,学者散文世纪概貌等。 |
| ● |
| 相关链接 |
|
|
|
正题名:现代中文散文十五讲
索取号:I207.65/Y859
 
预约/预借
| 序号 | 登录号 | 条形码 | 馆藏地/架位号 | 状态 | 备注 |
| 1 | 753810 | 207538100 | 文学库108/108文学库 11排1列3层/ [索取号:I207.65/Y859] | 在馆 | |
| 2 | 753811 | 207538119 | 文学库108/108文学库 11排1列3层/ [索取号:I207.65/Y859] | 在馆 | |
| 3 | 753812 | 207538128 | 文学库108/108文学库 11排1列3层/ [索取号:I207.65/Y859] | 在馆 |